00791cam a22002291 4500001001300000003000400013005001700017008004100034010001700075035001900092040002400111050002200135051002600157100003300183245005800216260005200274300008200326490006000408504003100468650004500499999001700544gs 15000380 DLC20260227111317.0781013s1914 wauab b s000 0 eng  ags 15000380  a(OCoLC)4292888 aDLCcUUdOCoLCdDLC00aQE175b.A3 no. 10 aTN805.W2bD3cCopy 2.1 aDaniels, Joseph,d1884-1965.14aThe coal fields of Pierce county,cby Joseph Daniels. aOlympia,bF. M. Lamborn, public printer,c1914. a146p.billus.,2 fold. maps(in pocket)fold. tables,diagrs.(part fold.)c24 cm.0 aWashington (State) Geological survey. Bulletinvno. 10 aBibliography: p.[130]-131. 0aCoalzWashington (State)zPierce County. c25511d25511